Justicia penal y transición democrática en América Latina /

Сохранить в:
Библиографические подробности
Главный автор: Rico, José María (autor)
Формат:
Язык:испанский
Опубликовано: México : Siglo XXI, 1997, c1997
Серии:(Criminología y Derecho)
Предметы:
Метки: Добавить метку
Нет меток, Требуется 1-ая метка записи!

MARC

LEADER 00000nam^a2200000^a^4500
001 000054999
005 20250521000000.0
009 20260310090529.315
020 |a 968-23-2058-5 
037 |a Acervo ITESO - Biblioteca 
041 |a ESP 
082 |a 345. 010098  |b RIC 
100 |a Rico, José María  |e (autor) 
245 1 0 |a Justicia penal y transición democrática en América Latina /  |c J.M. Rico. 
264 4 |a México :  |b Siglo XXI,  |c 1997, c1997 
300 |a 315 p. 
336 |a texto  |b txt  |2 rdacontenido 
337 |a sin mediación  |b n  |2 rdamedio 
338 |a volumen  |b nc  |2 rdasoporte 
440 1 |a (Criminología y Derecho) 
649 |a XX 
650 |a Derecho Penal -  |z Latinoamérica 
650 |a Derecho Público 
650 |a Justicia -  |x Administración 
650 |a Cambios Políticos -  |z Latinoamérica 
650 |a Democracia 
650 |a Política 
910 |a Fondo General 
920 |a Impresos - Libros 
930 |a Colección General 
905 |a 101 
901 |a 0500014042  |b IT1  |c ACC  |u 20250521 
902 |a https://opac.biblio.iteso.mx/vufind/Record/000054999